[Event "16. Jacques Lemans Open"]
[Site "St. Veit"]
[Date "????.??.??"]
[Round "?"]
[White "Lau, Ralf"]
[Black "Pilshofer, Gerhard"]
[Result "1-0"]
[WhiteElo "2500"]
[BlackElo "1834"]
[PlyCount "47"]
[EventDate "1996.07.??"]

1. e4 c5 2. Nf3 d6 3. d4 cxd4 4. Nxd4 Nf6 5. Nc3 g6 6. Be3 Bg7 7. f3 O-O 8. Qd2
Nc6 9. g4 Ne5 10. O-O-O Be6 11. h4 Bc4 12. Bh3 Ba6 13. b3 Qa5 14. Kb1 Rfe8 15.
g5 Nh5 16. Nd5 Qd8 17. Rhe1 e6 18. Nb4 Qa5 19. f4 Nd7 20. Nxa6 Qxa6 21. Bf1 Qa3
22. e5 a6 23. c4 dxe5 24. Nc2 1-0

[Event "16. Jacques Lemans Open"]
[Site "St. Veit"]
[Date "????.??.??"]
[Round "?"]
[White "Hatzl, Johannes"]
[Black "Tratar, Marko"]
[Result "0-1"]
[WhiteElo "1829"]
[BlackElo "2420"]
[PlyCount "102"]
[EventDate "1996.07.??"]

1. e4 c5 2. d3 g6 3. g3 Bg7 4. Bg2 Nc6 5. f4 e6 6. Nf3 Nge7 7. O-O d5 8. c3 O-O
9. Qe2 Rb8 10. h3 b5 11. Be3 d4 12. cxd4 Nxd4 13. Nxd4 Bxd4 14. Rc1 c4 15. Qf2
Bxe3 16. Qxe3 Qxd3 17. Qxd3 cxd3 18. Nd2 e5 19. Rc7 Re8 20. Rac1 a6 21. Bf1 Be6
22. b3 {} 22... exf4 23. gxf4 Kf8 24. Kf2 Rb6 25. R1c3 f5 26. Rxd3 fxe4 27.
Nxe4 Nd5 28. Rxh7 Bg8 29. Rxd5 Bxd5 30. Ng5 Re7 31. Bd3 Rxh7 32. Nxh7+ Ke7 33.
Ng5 a5 34. Nf3 Bxf3 35. Kxf3 b4 36. Bc4 Rd6 37. Ke3 Rd1 38. Bd3 Kf6 39. Kd4 Rd2
40. Kc4 Rxa2 41. Kb5 Rd2 42. Kc4 Rf2 43. Kb5 Rf3 44. Bc4 Rxf4 45. Be2 Re4 46.
Bg4 Re3 47. Ka4 Rd3 48. Bc8 g5 49. Bg4 Ke5 50. Bc8 Rc3 51. Bg4 Kd4 0-1

[Event "16. Jacques Lemans Open"]
[Site "St. Veit"]
[Date "????.??.??"]
[Round "?"]
[White "Senff, Martin"]
[Black "Wiesinger, Johann"]
[Result "1-0"]
[WhiteElo "2415"]
[BlackElo "1829"]
[PlyCount "61"]
[EventDate "1996.07.??"]

1. e4 e5 2. Nf3 Nc6 3. Bb5 a6 4. Bxc6 dxc6 5. O-O Bd6 6. d4 f6 7. b3 Bg4 8.
dxe5 fxe5 9. Qd3 Qe7 10. Nbd2 O-O-O 11. Nc4 Bc5 12. Qc3 Bxf3 13. Qxf3 Kb8 14.
Bb2 Bd6 15. Qg3 Re8 16. Rad1 Nf6 {} 17. Bxe5 Bxe5 18. Nxe5 Nxe4 19. Nd7+ Qxd7
20. Rxd7 Nxg3 21. fxg3 Re2 22. Rff7 Rc8 23. Rxg7 Rxc2 24. Rxh7 Rf8 25. Rhf7
Rxf7 26. Rxf7 Rxa2 27. g4 Rb2 28. Rf3 Rd2 29. g5 c5 30. g6 Rd6 31. g7 1-0

[Event "16. Jacques Lemans Open"]
[Site "St. Veit"]
[Date "????.??.??"]
[Round "?"]
[White "Marschalek, Harald"]
[Black "Herzog, Adolf"]
[Result "0-1"]
[WhiteElo "1828"]
[BlackElo "2405"]
[PlyCount "88"]
[EventDate "1996.07.??"]

1. d4 Nf6 2. Nf3 g6 3. Nbd2 Bg7 4. e4 d6 5. Bd3 O-O 6. O-O Nc6 7. c3 e5 8. d5
Ne7 9. h3 h6 10. Re1 Nh7 11. Nf1 f5 12. Qc2 f4 13. c4 g5 14. N3h2 h5 15. Be2
Nf6 16. f3 c6 17. Bd1 Rf7 18. Bd2 Bf8 19. Bc3 c5 20. Be2 Kh8 21. Reb1 Neg8 22.
b4 b6 23. bxc5 bxc5 24. Rb2 Nh6 25. Qd1 Rg7 26. Be1 Bd7 27. Rab1 Qc8 28. Nd2
Be7 29. Rb7 Bd8 30. R7b2 Ba5 31. Bf2 Bc3 {} 32. Rb7 Ba4 33. Qxa4 Rxb7 34. Rxb7
Qxb7 35. Nb3 Rg8 36. Qa3 Qb6 37. Kh1 Rg7 38. Qc1 Bd4 39. Be1 Qd8 40. Na5 g4 41.
Nc6 gxh3 42. g3 Qg8 43. Nxd4 cxd4 44. Bf1 Nf7 0-1

[Event "16. Jacques Lemans Open"]
[Site "St. Veit"]
[Date "????.??.??"]
[Round "?"]
[White "Becker, Christoph"]
[Black "Piven, Igor"]
[Result "0-1"]
[WhiteElo "1826"]
[BlackElo "2345"]
[PlyCount "46"]
[EventDate "1996.07.??"]

1. d4 d6 2. c4 Nf6 3. Nc3 g6 4. e4 Bg7 5. h3 O-O 6. Bg5 Na6 7. Bd3 e5 8. d5 c6
9. g4 Bd7 10. Qd2 Nc5 11. Bc2 cxd5 12. cxd5 a5 13. Kf1 b5 14. f3 Qb6 15. h4 b4
16. Nce2 a4 17. h5 b3 18. Bd1 {} 18... a3 19. axb3 axb2 20. Rb1 Ra1 21. Nc3
Rxb1 22. Nxb1 Ncxe4 23. fxe4 Nxe4 0-1

[Event "16. Jacques Lemans Open"]
[Site "St. Veit"]
[Date "????.??.??"]
[Round "?"]
[White "Neulinger, Manfred"]
[Black "Koban, Markus"]
[Result "1-0"]
[WhiteElo "2330"]
[BlackElo "1826"]
[PlyCount "74"]
[EventDate "1996.07.??"]

1. e4 e5 2. Nf3 Nf6 3. Nxe5 d6 4. Nf3 Nxe4 5. d4 d5 6. Bd3 Be7 7. c4 Bf5 8. O-O
dxc4 9. Bxc4 O-O 10. Nc3 Bf6 11. Re1 Nd6 12. Bd5 c6 13. Bb3 Re8 14. Ne5 Nd7 15.
Bf4 Nb6 16. Qf3 Be6 17. d5 Nxd5 18. Nxd5 Bxd5 19. Bxd5 cxd5 20. Qxd5 Qe7 21.
Kf1 {} 21... Qe6 22. Qxe6 Rxe6 23. Nd7 Nf5 24. Nxf6+ Rxf6 25. g4 Nh6 26. Be5
Re6 27. h3 f6 28. Bf4 Rae8 29. Rxe6 Rxe6 30. Rc1 Re7 31. Be3 a6 32. Rc8+ Kf7
33. Ke2 Rd7 34. Kf3 Kg6 35. h4 f5 36. h5+ Kf6 37. g5+ Kf7 1-0

[Event "16. Jacques Lemans Open"]
[Site "St. Veit"]
[Date "????.??.??"]
[Round "?"]
[White "Erharter, Christian"]
[Black "Kaspret, Guido"]
[Result "0-1"]
[WhiteElo "1816"]
[BlackElo "2320"]
[PlyCount "38"]
[EventDate "1996.07.??"]

1. e4 c5 2. f4 Nc6 3. Nf3 e6 4. g3 d5 5. Nc3 dxe4 6. Nxe4 Be7 7. d3 Nf6 8. Be3
O-O 9. c3 b6 10. Bg2 Ba6 11. Ne5 Nxe5 12. Nxf6+ Bxf6 13. fxe5 Bxe5 14. Bxa8
Qxa8 15. O-O Qd5 16. Qf3 Qd7 17. Rad1 Bb7 18. Qh5 Qd5 19. Rd2 {} 19... Bd4 0-1

[Event "16. Jacques Lemans Open"]
[Site "St. Veit"]
[Date "????.??.??"]
[Round "?"]
[White "Pokupec, Wilhelm"]
[Black "Horvath, Gabor"]
[Result "0-1"]
[WhiteElo "1814"]
[BlackElo "2280"]
[PlyCount "83"]
[EventDate "1996.07.??"]

1. c4 g6 2. Nc3 Bg7 3. d4 Nf6 4. e4 d6 5. Nf3 O-O 6. Bd3 e5 7. d5 a5 8. h3 Nh5
9. g4 Nf4 10. Bxf4 exf4 11. Qd2 a4 12. a3 Nd7 13. Qxf4 Nc5 14. Bc2 f5 15. gxf5
gxf5 16. Qg3 fxe4 17. Rg1 Qe7 18. Nd2 Bf5 19. O-O-O Kh8 20. Bxe4 Bh6 21. Bxf5
Rxf5 22. Kb1 Bf4 23. Qg4 Raf8 24. Nf3 Bh6 25. Rg3 Qf7 26. Qh4 Bf4 27. Ng5 Qe7
28. Rdg1 Bxg3 29. Rxg3 Rf4 30. Qh6 Rxc4 31. Re3 Qg7 32. Qh5 Rcf4 33. f3 R4f5
34. Qh4 Rxg5 35. Nb5 Rg2 36. Nc3 Nb3 37. Re7 Rg1+ 38. Kc2 Rc1+ 39. Kd3 Qg6+ 40.
Ke3 Qg1+ 41. Kd3 Rxf3+ 42. Ke2 0-1

[Event "16. Jacques Lemans Open"]
[Site "St. Veit"]
[Date "????.??.??"]
[Round "?"]
[White "Markun, Bostjan"]
[Black "Hatzl, Stefan"]
[Result "1-0"]
[WhiteElo "2265"]
[BlackElo "1811"]
[PlyCount "25"]
[EventDate "1996.07.??"]

1. e4 c5 2. Nf3 a6 3. c3 d5 4. exd5 Qxd5 5. d4 Bg4 6. Be2 e6 7. O-O Nf6 8. Be3
Nc6 9. c4 Qf5 10. h3 h5 11. Qb3 O-O-O {} 12. Bd3 Na5 13. Qc2 1-0

[Event "16. Jacques Lemans Open"]
[Site "St. Veit"]
[Date "????.??.??"]
[Round "?"]
[White "Schlanitz, Egon"]
[Black "Vokroj, Rene"]
[Result "0-1"]
[WhiteElo "1804"]
[BlackElo "2245"]
[PlyCount "46"]
[EventDate "1996.07.??"]

1. d4 Nf6 2. Nf3 e6 3. Bg5 c5 4. e3 Qb6 5. Nbd2 cxd4 6. exd4 d5 7. Bd3 Nc6 8.
O-O Be7 9. Nb3 h6 10. Bh4 Bd7 11. c3 Rc8 12. Ne5 Nb8 13. a4 Bc6 14. a5 Qc7 15.
f4 Nbd7 16. f5 Nxe5 17. dxe5 Qxe5 18. Re1 Ne4 19. Bxe7 Kxe7 20. fxe6 fxe6 21.
Nc5 Rhf8 22. Nxe4 dxe4 23. Bc2 Rcd8 {} 0-1

[Event "16. Jacques Lemans Open"]
[Site "St. Veit"]
[Date "????.??.??"]
[Round "?"]
[White "Jochinger, Ferdinand"]
[Black "Grausgruber, Rene"]
[Result "1-0"]
[WhiteElo "2240"]
[BlackElo "1796"]
[PlyCount "47"]
[EventDate "1996.07.??"]

1. d4 Nf6 2. c4 g6 3. Nc3 Bg7 4. e4 d6 5. Be2 O-O 6. Be3 Nbd7 7. Qd2 e5 8. d5
a5 9. f3 b6 10. g4 Nc5 11. h4 Bd7 12. h5 Rb8 13. Bh6 {} 13... Qe7 14. Bxg7
Kxg7 15. O-O-O Ng8 16. Nh3 h6 17. hxg6 fxg6 18. Rdg1 g5 19. Rh2 Rf6 20. Nf2
Rbf8 21. Rh3 Rg6 22. Nh1 Qf6 23. Ng3 Qf4 24. Nh5+ 1-0

[Event "16. Jacques Lemans Open"]
[Site "St. Veit"]
[Date "????.??.??"]
[Round "?"]
[White "Lukan, Dunja"]
[Black "Susnik, Mates"]
[Result "0-1"]
[WhiteElo "1792"]
[BlackElo "2235"]
[PlyCount "68"]
[EventDate "1996.07.??"]

1. d4 d5 2. c4 e6 3. Nc3 c5 4. e3 Nf6 5. Nf3 Nc6 6. Be2 cxd4 7. exd4 Be7 8. O-O
O-O 9. a3 b6 10. h3 Bb7 11. Be3 Rc8 12. cxd5 Nxd5 13. Nxd5 Qxd5 14. Qd3 Bf6 15.
Rfd1 Ne7 16. Qb5 Qxb5 17. Bxb5 Bxf3 18. gxf3 Rfd8 19. Rd3 Rd5 20. Ba6 Rcd8 21.
Rad1 g6 22. Bc4 R5d6 23. b4 Kg7 24. Kg2 g5 25. R3d2 h6 26. Rd3 Ng6 27. R3d2
Nh4+ 28. Kg3 {} 28... Bxd4 29. Bxd4+ Rxd4 30. Rxd4 Rxd4 31. Rc1 Rd2 32. Ra1
Nf5+ 33. Kg4 Rd4+ 34. f4 Rxf4+ 0-1

[Event "16. Jacques Lemans Open"]
[Site "St. Veit"]
[Date "????.??.??"]
[Round "?"]
[White "Mueller, Helmut"]
[Black "Praznik, Anton"]
[Result "0-1"]
[WhiteElo "1785"]
[BlackElo "2230"]
[PlyCount "104"]
[EventDate "1996.07.??"]

1. d4 Nf6 2. e3 g6 3. c4 Bg7 4. Nf3 O-O 5. Nc3 d6 6. Be2 c6 7. O-O a6 8. a4 a5
9. b3 Na6 10. Bb2 Qc7 11. Rc1 Bf5 12. Nh4 Bc8 13. Nf3 e5 14. Nd2 exd4 15. exd4
Re8 16. Re1 Bf5 17. f3 h5 18. Nf1 Nb4 19. Ng3 {} 19... Bd3 20. Qd2 Bxe2 21.
Rxe2 Rxe2 22. Ncxe2 Qe7 23. Re1 Re8 24. Bc3 d5 25. c5 Qe3+ 26. Qxe3 Rxe3 27.
Kf2 Bh6 28. Bxb4 axb4 29. Rb1 Rd3 30. Nf1 Nd7 31. g3 Nf8 32. f4 Ne6 33. Ne3
Nxd4 34. Nxd4 Rxd4 35. Ke2 Re4 36. Kd3 Bg7 37. Nc2 Bc3 38. Rf1 f5 39. Rf3 Kf7
40. h3 Ke6 41. Re3 Kf6 42. h4 Ke6 43. a5 Kd7 44. Re2 Rxe2 45. Kxe2 Kc7 46. Ke3
Kb8 47. Kd3 Ka7 48. Ne3 Ka6 49. Nf1 Kxa5 50. Nh2 Kb5 51. Nf3 Kxc5 52. Ng5 Kd6
0-1

[Event "16. Jacques Lemans Open"]
[Site "St. Veit"]
[Date "????.??.??"]
[Round "?"]
[White "Raffalt, Manfred"]
[Black "Hubmann, Guenther"]
[Result "1-0"]
[WhiteElo "2215"]
[BlackElo "1775"]
[PlyCount "39"]
[EventDate "1996.07.??"]

1. d4 Nf6 2. c4 g6 3. Nc3 Bg7 4. Nf3 O-O 5. g3 d6 6. Bg2 c6 7. O-O Bg4 8. h3
Bxf3 9. Bxf3 Nbd7 10. Be3 e5 11. Bg2 Qc7 12. Rc1 a6 13. dxe5 dxe5 14. Qb3 b6
15. Rfd1 Rab8 16. Rd2 c5 17. Qa4 Qc8 18. Rcd1 b5 19. cxb5 axb5 20. Qc2 {} 1-0

[Event "16. Jacques Lemans Open"]
[Site "St. Veit"]
[Date "????.??.??"]
[Round "?"]
[White "Smajkic, Serif"]
[Black "Posch, Werner"]
[Result "0-1"]
[WhiteElo "1775"]
[BlackElo "2210"]
[PlyCount "52"]
[EventDate "1996.07.??"]

1. d4 d5 2. c4 Bf5 3. Nc3 e6 4. Qb3 Nc6 5. cxd5 exd5 6. Qxd5 Qxd5 7. Nxd5 O-O-O
8. Ne3 Nxd4 9. Bd2 Bg6 10. g3 Nf6 11. Bg2 Ne4 12. Bxe4 Bxe4 13. f3 Bc6 14.
O-O-O Bc5 {} 15. Nc2 Ba4 16. Be3 Bxc2 17. Rxd4 Bxd4 18. Bxd4 Rxd4 19. Kxc2
Rhd8 20. Nh3 Rd2+ 21. Kc3 Rxe2 22. Nf4 Re3+ 23. Kc2 g5 24. Nh3 f6 25. f4 g4 26.
Ng1 Re1 0-1

[Event "16. Jacques Lemans Open"]
[Site "St. Veit"]
[Date "????.??.??"]
[Round "?"]
[White "Benda, Herbert"]
[Black "Rulitz, Franz"]
[Result "1-0"]
[WhiteElo "2200"]
[BlackElo "1774"]
[PlyCount "39"]
[EventDate "1996.07.??"]

1. e4 g6 2. d4 d6 3. c4 Bg7 4. Nc3 Nf6 5. f3 O-O 6. Bg5 Nbd7 7. Qd2 c5 8. d5
Qb6 9. O-O-O a5 10. f4 a4 11. a3 Re8 12. Nf3 Ng4 13. Nb5 Nf8 14. h3 Nf6 15. Bd3
Bd7 16. Nc3 Qb3 17. e5 dxe5 18. fxe5 b5 19. cxb5 Nh5 20. Qe2 {} 1-0

[Event "16. Jacques Lemans Open"]
[Site "St. Veit"]
[Date "????.??.??"]
[Round "?"]
[White "Tratar, Marko"]
[Black "Pokupev, Vilim"]
[Result "1/2-1/2"]
[WhiteElo "2420"]
[BlackElo "2011"]
[PlyCount "111"]
[EventDate "1996.07.??"]

1. Nf3 c5 2. c4 Nc6 3. Nc3 e6 4. g3 d5 5. cxd5 exd5 6. d4 cxd4 7. Nxd4 Bc5 8.
Nb3 Bb4 9. Bg2 Bxc3+ 10. bxc3 Nge7 11. O-O O-O 12. Ba3 Re8 13. Nd4 Nxd4 14.
Qxd4 Be6 15. Rfd1 Nc6 16. Qc5 Qc7 17. Bxd5 Bxd5 18. Rxd5 Rxe2 19. Rad1 Rae8 {}
20. Rd7 Qa5 21. Qxa5 Nxa5 22. Bb4 Nc6 23. Rxb7 Nxb4 24. cxb4 Rxa2 25. Rdd7 Rf8
26. Rxa7 Rxa7 27. Rxa7 Rb8 28. Rd7 f6 29. Rd4 Rb6 30. Kf1 Re6 31. h4 h5 32. Rd5
g6 33. b5 Kf7 34. Rd7+ Ke8 35. Rb7 Kd8 36. Rg7 Rb6 37. Rxg6 Ke7 38. Rg7+ Ke6
39. Kg2 Rxb5 40. Rh7 Ra5 41. f3 Rb5 42. Kh3 Rf5 43. Kg2 Ra5 44. Rc7 Ra2+ 45.
Kh3 Ra3 46. Rc5 Rxf3 47. Rxh5 f5 48. Rh6+ Ke5 49. Kg2 Ra3 50. Rb6 Ra2+ 51. Kh3
Ra3 52. Rb4 Ra1 53. Rf4 Ra2 54. h5 Ra1 55. Kh4 Kf6 56. g4 1/2-1/2

[Event "16. Jacques Lemans Open"]
[Site "St. Veit"]
[Date "????.??.??"]
[Round "?"]
[White "Bodner, Alfred"]
[Black "Senff, Martin"]
[Result "0-1"]
[WhiteElo "2006"]
[BlackElo "2415"]
[PlyCount "106"]
[EventDate "1996.07.??"]

1. e4 c5 2. Nf3 d6 3. d4 Nf6 4. Nc3 cxd4 5. Nxd4 Nc6 6. Be2 e5 7. Nb3 Be7 8.
Be3 a5 9. a4 O-O 10. O-O Nb4 11. Nd5 Nfxd5 12. exd5 Bf5 13. Rc1 Na2 14. Ra1 Nb4
15. Rc1 Bd7 16. c3 Na6 17. Nd2 Bg5 18. Nc4 Bxe3 19. Nxe3 Qb6 20. Bxa6 Rxa6 21.
b3 f5 22. c4 Qc5 23. Rc3 Raa8 24. f4 exf4 25. Rxf4 Rae8 26. Qd4 b6 27. h4 h6
28. h5 Qxd4 29. Rxd4 f4 30. Nf1 Bg4 31. g3 Re1 32. Rxf4 Rxf4 33. gxf4 Bxh5 34.
Kf2 Re4 35. Kg3 Kf7 36. Re3 Rxe3+ 37. Nxe3 Kf6 38. Kh4 Bg6 39. Kg4 Bb1 40. Nf1
Bc2 41. Nd2 Bd1+ 42. Kg3 Kf5 {} 43. c5 bxc5 44. Nc4 Ke4 45. f5 Kd4 46. Nxd6
Kxd5 47. Ne8 Bxb3 48. Nxg7 Ke5 49. Ne8 Kxf5 50. Nd6+ Ke5 51. Nb7 Kd4 52. Nxa5
Bd5 53. Kh4 Kc3 0-1

[Event "16. Jacques Lemans Open"]
[Site "St. Veit"]
[Date "????.??.??"]
[Round "?"]
[White "Herzog, Adolf"]
[Black "Eberhart, Arnold"]
[Result "1-0"]
[WhiteElo "2405"]
[BlackElo "1999"]
[PlyCount "100"]
[EventDate "1996.07.??"]

1. d4 d5 2. Nf3 c6 3. Nc3 Bf5 4. g3 h6 5. Bg2 Nf6 6. O-O Nbd7 7. Re1 e6 8. Ne5
Nxe5 9. dxe5 Nd7 10. e4 dxe4 11. Bxe4 Bxe4 12. Rxe4 Qc7 13. Qe2 O-O-O 14. Be3
Kb8 15. Rc4 a6 16. Rd1 Be7 17. Rcd4 Nxe5 18. Bf4 f6 19. Bxe5 fxe5 20. Rxd8+
Rxd8 21. Rxd8+ Bxd8 22. Ne4 Qd7 {} 23. Nc5 Qd5 24. Qxe5+ Qxe5 25. Nd7+ Kc7 26.
Nxe5 Bf6 27. Nd3 Kd6 28. c4 a5 29. b3 b5 30. Kg2 a4 31. Kf3 axb3 32. axb3 bxc4
33. bxc4 Ba1 34. Kg4 Bd4 35. Kh5 Bc3 36. Kg6 Ke7 37. Nc5 Bb2 38. Ne4 Bd4 39. f4
Bb2 40. h4 Bd4 41. h5 Kf8 42. g4 Bb2 43. g5 Bc1 44. gxh6 gxh6 45. Nc5 Ke7 46.
Nd3 Bd2 47. Kxh6 Kf6 48. Kh7 Kf5 49. h6 Ke4 50. Nc5+ Kxf4 1-0

[Event "16. Jacques Lemans Open"]
[Site "St. Veit"]
[Date "????.??.??"]
[Round "?"]
[White "Widowitz, Manfred"]
[Black "Mazi, Leon"]
[Result "0-1"]
[WhiteElo "1994"]
[BlackElo "2355"]
[PlyCount "86"]
[EventDate "1996.07.??"]

1. e4 Nf6 2. e5 Nd5 3. d4 d6 4. Nf3 Nb6 5. Bf4 Bg4 6. Be2 e6 7. O-O Nc6 8. Nc3
dxe5 9. Nxe5 Bxe2 10. Nxc6 Bxd1 11. Nxd8 Rxd8 12. Raxd1 Bd6 13. Bg5 f6 14. Bh4
Kf7 15. b3 h5 16. f4 Bb4 17. Ne4 Nd5 18. Rf3 Ne7 19. c3 Bd6 20. Bf2 Nf5 21. d5
exd5 22. Rxd5 {} 22... Bxf4 23. Rxd8 Rxd8 24. g3 Nxg3 25. Bxg3 Bxg3 26. hxg3
Kg6 27. Nc5 b6 28. Nd3 Rd6 29. Nf4+ Kf5 30. Rd3 Rxd3 31. Nxd3 Ke4 32. Nf4 h4
33. Ne6 hxg3 34. Kg2 Kd3 35. c4 c5 36. Kxg3 Kc3 37. Nc7 Kb2 38. Nb5 Kxa2 39.
Nxa7 Kxb3 40. Nc8 Kxc4 41. Nxb6+ Kd3 42. Nd5 c4 43. Kf3 c3 0-1

[Event "16. Jacques Lemans Open"]
[Site "St. Veit"]
[Date "????.??.??"]
[Round "?"]
[White "Piven, Igor"]
[Black "Muck, Christian"]
[Result "1-0"]
[WhiteElo "2345"]
[BlackElo "1987"]
[PlyCount "80"]
[EventDate "1996.07.??"]

1. Nf3 c5 2. c4 Nf6 3. Nc3 Nc6 4. d4 cxd4 5. Nxd4 g6 6. e4 Bg7 7. Be3 O-O 8.
Be2 Nxd4 9. Bxd4 d6 10. O-O b6 11. Qd2 Bb7 12. f3 Rc8 13. Rac1 Qd7 14. Rfd1
Rfd8 15. Bf1 Ne8 16. Be3 Bc6 17. b3 Qb7 18. Nd5 e6 19. Nb4 Qa8 20. Qf2 Bf8 21.
Kh1 Bb7 22. Nd3 Bg7 23. b4 Ba6 24. Nf4 Bb7 25. Ne2 Bf6 26. Nd4 Rd7 27. Rc2 Rcd8
28. Nb3 Be7 29. Rcd2 Qc8 30. a3 Bc6 31. Nd4 Rc7 32. Rb1 Bd7 33. Bd3 Bf6 34. f4
e5 35. Ne2 exf4 36. Nxf4 Be6 37. Rf1 Bg7 38. Nd5 Rcd7 39. Bg5 f6 40. Be3 Rf7 {
...Zeitueberschreitung} 1-0

[Event "16. Jacques Lemans Open"]
[Site "St. Veit"]
[Date "????.??.??"]
[Round "?"]
[White "Robitsch, Hermann"]
[Black "Neulinger, Manfred"]
[Result "0-1"]
[WhiteElo "1983"]
[BlackElo "2330"]
[PlyCount "64"]
[EventDate "1996.07.??"]

1. e4 c6 2. d4 d5 3. e5 Bf5 4. Nc3 e6 5. g4 Bg6 6. Nge2 f6 7. f4 fxe5 8. dxe5
Qh4+ 9. Ng3 Bb4 10. Bd3 Bxd3 11. cxd3 Nh6 12. Qb3 Na6 13. a3 Bxc3+ 14. Qxc3
Nxg4 15. Bd2 O-O 16. d4 Rac8 {} 17. h3 Nh6 18. Ke2 c5 19. Rag1 cxd4 20. Qf3
Kh8 21. Nh5 Nf5 22. Ng3 Nc5 23. Nxf5 Rxf5 24. Rg4 Qh5 25. Rc1 Rc6 26. b4 Ne4
27. Rxc6 bxc6 28. Qd3 Qf7 29. Qxd4 h5 30. Rg2 Nxd2 31. Qxd2 Rxf4 32. Qc3 Re4+
0-1

[Event "16. Jacques Lemans Open"]
[Site "St. Veit"]
[Date "????.??.??"]
[Round "?"]
[White "Kaspret, Guido"]
[Black "Hermann, Johann"]
[Result "0-1"]
[WhiteElo "2320"]
[BlackElo "1983"]
[PlyCount "82"]
[EventDate "1996.07.??"]

1. d4 b6 2. e4 Bb7 3. Nd2 e6 4. c3 c5 5. Ngf3 Be7 6. Bd3 d6 7. O-O Nd7 8. Qe2
Qc7 9. a3 Bf6 10. b4 Ne7 11. Bb2 Ng6 12. g3 O-O 13. h4 e5 14. d5 a5 15. b5 Rae8
16. Nc4 Bc8 17. Kg2 Bd8 18. h5 Ne7 19. Ne3 Nf6 20. Nh4 g5 21. Nf3 h6 22. c4 Kh7
23. Nh2 Qd7 24. Kh1 Qh3 {} 25. Rg1 Qxh5 26. f3 Ng6 27. Raf1 Qh3 28. Nf5 Bxf5
29. exf5 Ne7 30. Qc2 Nh5 31. f6+ Ng6 32. Qf2 Bxf6 33. g4 Nhf4 34. Be4 h5 35.
Bc1 Kg7 36. Bxf4 Nxf4 37. Qg3 hxg4 38. fxg4 Rh8 39. Qxh3 Rxh3 40. Rf3 Reh8 41.
Rxh3 Rxh3 0-1

[Event "16. Jacques Lemans Open"]
[Site "St. Veit"]
[Date "????.??.??"]
[Round "?"]
[White "Lang, Karl"]
[Black "Muellneritsch, Anton"]
[Result "1-0"]
[WhiteElo "1982"]
[BlackElo "2285"]
[PlyCount "57"]
[EventDate "1996.07.??"]

1. e4 c5 2. Nc3 e6 3. g3 d5 4. Bg2 Nf6 5. e5 Nfd7 6. f4 Nc6 7. Nf3 Qb6 8. O-O
c4+ 9. Kh1 Nc5 10. d3 cxd3 11. cxd3 Bd7 12. a3 d4 13. Ne4 Qa6 14. Ne1 Rc8 15.
Rb1 Nxe4 16. dxe4 Qb6 17. b4 Be7 18. Bb2 O-O 19. f5 Rfd8 20. Nd3 a5 21. f6 Bf8
22. fxg7 Bxg7 23. Qh5 Be8 24. Rf4 f6 25. Qg4 {} 25... Nxe5 26. Nxe5 fxe5 27.
Rf6 axb4 28. Rbf1 Bb5 29. Rf7 1-0

[Event "16. Jacques Lemans Open"]
[Site "St. Veit"]
[Date "????.??.??"]
[Round "?"]
[White "Horvath, Gabor"]
[Black "Gallob, Josef"]
[Result "1-0"]
[WhiteElo "2280"]
[BlackElo "1977"]
[PlyCount "47"]
[EventDate "1996.07.??"]

1. e4 c5 2. Nc3 Nc6 3. f4 d6 4. Nf3 e6 5. g3 Nge7 6. Bg2 d5 7. d3 dxe4 8. Nxe4
Nd5 9. O-O Be7 10. Bd2 O-O 11. Qe2 Qc7 12. c4 Ndb4 13. Bc3 Rd8 14. a3 Na6 15.
Nfg5 Nd4 16. Qh5 Bxg5 17. fxg5 Qe7 18. Rf4 {} 18... e5 19. Nf6+ gxf6 20. gxf6
Qf8 21. Be4 h6 22. Rh4 Nc7 23. Bd2 Ne8 24. Bxh6 1-0

[Event "16. Jacques Lemans Open"]
[Site "St. Veit"]
[Date "????.??.??"]
[Round "?"]
[White "Krassnitzer, Otto"]
[Black "Markun, Bostjan"]
[Result "0-1"]
[WhiteElo "1974"]
[BlackElo "2265"]
[PlyCount "66"]
[EventDate "1996.07.??"]

1. d4 d5 2. c4 c6 3. Nc3 Nf6 4. Bg5 dxc4 5. e4 b5 6. f3 e6 7. e5 h6 8. Bh4 g5
9. Bf2 Nd5 10. Nge2 Nd7 11. h4 gxh4 12. Bxh4 Qa5 13. Bg5 Nb4 14. Ng3 Rg8 15.
Bd2 Qb6 16. Nce4 Qxd4 17. Nh5 Nd5 18. Bxh6 Qxd1+ 19. Rxd1 Bxh6 {} 20. Rxd5
cxd5 21. Nhf6+ Kf8 22. Nxg8 Bg7 23. Nef6 Nxe5 24. f4 Nd7 25. Nxd7+ Bxd7 26. Nh6
Ke7 27. g4 Bxb2 28. f5 Rh8 29. Bg2 Bg7 30. g5 exf5 31. Bxd5 Bxh6 32. gxh6 Be6
33. Bc6 b4 0-1

[Event "16. Jacques Lemans Open"]
[Site "St. Veit"]
[Date "1997.07.??"]
[Round "?"]
[White "Vokroj, Rene"]
[Black "Hummel, Markus"]
[Result "0-1"]
[WhiteElo "2245"]
[BlackElo "1970"]
[PlyCount "138"]
[EventDate "1997.07.??"]

1. e4 c5 2. Nf3 d6 3. d4 cxd4 4. c3 Nf6 5. e5 dxe5 6. Nxe5 Nbd7 7. Qxd4 Nxe5 8.
Qxe5 e6 9. Be2 Bd6 10. Qb5+ Bd7 11. Qxb7 O-O 12. O-O Rc8 13. Bf3 Nd5 14. Bxd5
exd5 15. Qxd5 Bc6 16. Qh5 Re8 17. Be3 Re5 18. Qg4 h5 19. Qh3 Bd7 20. Qg3 h4 21.
Qf3 Bc6 22. Qg4 Re4 23. Qh3 Qc7 24. Nd2 {} 24... Bd7 25. Qf3 Bxh2+ 26. Kh1 Re6
27. Rfe1 h3 28. Qxh3 Rh6 29. Qf3 Bc6 30. Bxh6 Bxf3 31. Nxf3 Bd6 32. Be3 Rb8 33.
Re2 Rb5 34. Rd2 Rh5+ 35. Kg1 Bh2+ 36. Kf1 Qc4+ 37. Ke1 Bc7 38. Kd1 Rh1+ 39. Ne1
Qg4+ 40. f3 Qe6 41. Rd3 Bg3 42. Ke2 Rg1 43. Kd2 Bxe1+ 44. Rxe1 Rxg2+ 45. Re2
Qxa2 46. Rxg2 Qxb2+ 47. Ke1 Qxg2 48. Bxa7 Qc2 49. Rd8+ Kh7 50. Bd4 Qg2 51. c4
Qxf3 52. c5 g5 53. Rd6 g4 54. Kd2 g3 55. Rf6 Qd5 56. Rf4 g2 57. Rh4+ Kg6 58.
Kc3 Kg5 59. Rh8 Qxd4+ 60. Kxd4 g1=Q+ 61. Kd5 Qd1+ 62. Kc6 Kf6 63. Kc7 Ke7 64.
Rc8 Qd7+ 65. Kb8 Qb5+ 66. Ka8 Kd7 67. Rf8 Qc6+ 68. Kb8 Qc7+ 69. Ka8 Qc8+ 0-1

[Event "16. Jacques Lemans Open"]
[Site "St. Veit"]
[Date "????.??.??"]
[Round "?"]
[White "Klement, Ottomar"]
[Black "Jochinger, Ferdinand"]
[Result "0-1"]
[WhiteElo "1968"]
[BlackElo "2240"]
[PlyCount "78"]
[EventDate "1997.07.??"]

1. b4 e5 2. Bb2 f6 3. a3 d5 4. e3 Be6 5. d3 Bd6 6. Nf3 c6 7. Be2 Ne7 8. Nbd2
O-O 9. O-O Nd7 10. c4 a5 11. b5 cxb5 12. cxb5 Rc8 13. Rc1 Nb6 14. Qb3 Qd7 15.
Rxc8 Rxc8 16. Rc1 a4 17. Rxc8+ Nexc8 18. Qa2 Qxb5 19. e4 Bf7 20. exd5 Nxd5 21.
Nc4 Nf4 22. Bf1 Qc6 23. Qb1 Bc7 24. Nfd2 Nb6 25. g3 Nxc4 26. Nxc4 Qf3 27. Ne3
Ne6 28. Bg2 Qe2 29. Qc1 Qxd3 30. Bxb7 Bb6 31. Nd5 Bc5 32. Ne3 Bf8 33. Bd5 Nc5
34. Bxf7+ Kxf7 35. h3 Be7 36. Ng4 {} 36... Nb3 37. Qe1 Nd2 38. Nh2 Qb1 39. Bc1
Nb3 0-1

[Event "16. Jacques Lemans Open"]
[Site "St. Veit"]
[Date "????.??.??"]
[Round "?"]
[White "Susnik, Mates"]
[Black "Mussnig, Manfred"]
[Result "1/2-1/2"]
[WhiteElo "2235"]
[BlackElo "1965"]
[PlyCount "91"]
[EventDate "1997.07.??"]

1. e4 e5 2. f4 d5 3. exd5 e4 4. d3 Nf6 5. dxe4 Nxe4 6. Nf3 c6 7. Bd3 Qa5+ 8.
Nbd2 cxd5 9. Qe2 f5 10. c4 Bb4 11. cxd5 O-O 12. Bxe4 fxe4 13. Qxe4 Bf5 14. Qd4
Nd7 15. a3 Rae8+ 16. Ne5 Bc5 17. Qc3 Qxc3 18. bxc3 Nxe5 19. fxe5 Rxe5+ 20. Kd1
Rxd5 21. Re1 Rfd8 22. h3 Bg6 23. a4 Rd3 24. Re2 Rxc3 25. Bb2 Rc2 26. Rc1 Rxb2
27. Rxc5 b6 28. Rc7 Ra2 29. Ke1 Rxa4 30. Nf3 Re8 31. Rxe8+ Bxe8 32. Kf2 a5 33.
Ng5 Rf4+ 34. Kg3 Rf6 35. Re7 Bc6 36. Ne6 Rg6+ 37. Kf4 Rxg2 38. Rc7 Ba4 39. Rb7
Rf2+ 40. Ke5 Re2+ 41. Kd6 Rd2+ 42. Ke7 h6 43. Rb8+ Kh7 44. Nf8+ Kg8 45. Ne6+ {
} 45... Kh7 46. Nf8+ 1/2-1/2

[Event "16. Jacques Lemans Open"]
[Site "St. Veit"]
[Date "????.??.??"]
[Round "?"]
[White "Neubauer, Anton"]
[Black "Raffalt, Manfred"]
[Result "1/2-1/2"]
[WhiteElo "1935"]
[BlackElo "2131"]
[PlyCount "22"]
[EventDate "1997.07.??"]

1. e4 g6 2. d4 Bg7 3. Nc3 c6 4. Nf3 d5 5. exd5 cxd5 6. Be3 Nh6 7. Qd2 Nf5 8.
Bf4 O-O 9. Bd3 Nc6 10. Ne2 Nfxd4 11. Nexd4 Nxd4 1/2-1/2